Energy from the desert. (Record no. 60325)

000 -LEADER
fixed length control field 01358cam a2200349 a 4500
001 - CONTROL NUMBER
control field 13682873
003 - CONTROL NUMBER IDENTIFIER
control field NUST-PNEC
005 - DATE AND TIME OF LATEST TRANSACTION
control field 20170116180654.0
008 - FIXED-LENGTH DATA ELEMENTS--GENERAL INFORMATION
fixed length control field 031021s2003 enka b 000 0 eng d
010 ## - LIBRARY OF CONGRESS CONTROL NUMBER
LC control number 2004444623
020 ## - INTERNATIONAL STANDARD BOOK NUMBER
International Standard Book Number 1902916417
035 ## - SYSTEM CONTROL NUMBER
System control number (OCoLC)ocm53319642
040 ## - CATALOGING SOURCE
Original cataloging agency STF
Transcribing agency DLC
Modifying agency STF
-- DLC
042 ## - AUTHENTICATION CODE
Authentication code lccopycat
050 00 - LIBRARY OF CONGRESS CALL NUMBER
Classification number TK1087
Item number .E54 2003
082 00 - DEWEY DECIMAL CLASSIFICATION NUMBER
Classification number 621.31244 KUR
100 ## - MAIN ENTRY--PERSONAL NAME
9 (RLIN) 130
Personal name Kurokawa Kosuke
245 00 - TITLE STATEMENT
Title Energy from the desert.
Name of part/section of a work PNECFeasibility of very large scale photovoltaic power generation (VLS-PV) systems /
Statement of responsibility, etc. editor, Kosuke Kurokawa.
246 3# - VARYING FORM OF TITLE
Title proper/short title Very large scale photovoltaic power generation systems
260 ## - PUBLICATION, DISTRIBUTION, ETC.
Place of publication, distribution, etc. London :
Name of publisher, distributor, etc. James & James (Science Publishers),
Date of publication, distribution, etc. c2003.
300 ## - PHYSICAL DESCRIPTION
Extent xl, 195 p. :
Other physical details ill. (chiefly col.) ;
Dimensions 31 cm.
504 ## - BIBLIOGRAPHY, ETC. NOTE
Bibliography, etc. note Includes bibliographical references.
650 #0 - SUBJECT ADDED ENTRY--TOPICAL TERM
Topical term or geographic name entry element Photovoltaic power generation.
General subdivision EE, EL
650 #0 - SUBJECT ADDED ENTRY--TOPICAL TERM
Topical term or geographic name entry element Photovoltaic power systems.
650 #0 - SUBJECT ADDED ENTRY--TOPICAL TERM
Topical term or geographic name entry element Desert resources development.
650 #0 - SUBJECT ADDED ENTRY--TOPICAL TERM
Topical term or geographic name entry element Feasibility studies.
700 1# - ADDED ENTRY--PERSONAL NAME
Personal name Kurokawa, Kosuke.
856 42 - ELECTRONIC LOCATION AND ACCESS
Materials specified Contributor biographical information
Uniform Resource Identifier <a href="http://www.loc.gov/catdir/enhancements/fy1111/2004444623-b.html">http://www.loc.gov/catdir/enhancements/fy1111/2004444623-b.html</a>
906 ## - LOCAL DATA ELEMENT F, LDF (RLIN)
a 7
b cbc
c copycat
d 2
e ncip
f 20
g y-gencatlg
942 ## - ADDED ENTRY ELEMENTS (KOHA)
Source of classification or shelving scheme
Koha item type Book
Holdings
Withdrawn status Lost status Source of classification or shelving scheme Damaged status Not for loan Permanent Location Current Location Date acquired Source of acquisition Cost, normal purchase price Total Checkouts Full call number Barcode Date last seen Cost, replacement price Price effective from Koha item type
          Pakistan Navy Engineering College (PNEC) Pakistan Navy Engineering College (PNEC) 09/29/2005 Vanguard Books Pvt. Ltd 7548.00   621.31244 KUR PNECLIB-027465 09/04/2014 7548.00 09/29/2005 Book
© 2023 Central Library, National University of Sciences and Technology. All Rights Reserved.